| 000 | 00814nam a2200205 a 4500 | ||
|---|---|---|---|
| 008 | 130826s2011 ||||||||||||||||| || u | ||
| 020 | _a9780230115217 | ||
| 050 | _aHD 9502.A2 Rif | ||
| 100 | _aRifkin, Jeremy | ||
| 245 | 1 | 4 |
_aThe third industrial revolution: how lateral power is transforming energy, the economy, and the world _cby Jeremy Rifkin |
| 260 |
_aHamshire: _bPalgrave Macmillan _c2011 |
||
| 300 | _a291p. | ||
| 500 | _aIncludes notes | ||
| 650 | _aRenewable energy sources - India | ||
| 650 | 0 | _aGLOBALIZATION | |
| 650 | 0 | _aENERGY DEVELOPMENT | |
| 650 | _aPOWER RESOURCES--ENVIRONMENTAL ASPECTS | ||
| 650 | _aCLEAN ENERGY INDUSTRIES | ||
| 995 |
_FCBU-MAIN LIBRARY (Kitwe) _M1 _UAVAILABLE _WOct 30, 2013 _ZMain Library Open Access Collection |
||
| 999 |
_c59847 _d59847 |
||